000 01207nam a22003737a 4500
003 CHAP
005 20220329143742.0
008 110607s1982 mx r 00010 spa d
010 _a101431
011 _a102403
020 _a968823110X
035 _a113091
040 _cCHAP
082 0 4 _a510.092
_bW63
100 0 0 _aWiener, Norbert.
_9121843
245 1 0 _aSoy un matemático
_c/por Norbert Wiener
260 _aMéxico :
_bCONACYT,
_cc1982
300 _a425 p.
534 _pTít. original :
_tI am a mathematician: the later life of a prodigy.
_c: M.I.T., 1964,
_b1 ed.
590 _aBATCH-UPD
_b10
_c20130110
_lUCH01
_h1019
590 _aBATCH-UPD
_b10
_c20130410
_lUCH01
_h0625
590 _aBATCH-UPD
_b10
_c20130914
_lUCH01
_h1422
590 _aCONVERSION
_b10
_c20130109
_lUCH01
_h1356
600 1 4 _aWiener, Norbert,
_d1894 - 1964,
_9121844
650 1 4 _aFísica.
_941975
650 1 4 _aMatemáticas.
_972901
650 1 4 _aMatemáticos.
_972913
650 1 4 _aMatemáticos
_xBiografía.
_972914
650 1 4 _aMovimiento Browniano.
_979155
650 1 4 _aTeoría cuántica.
_9112307
901 _aBK
942 _cLIBRO
949 _a510.092 W63
_bBC
_cLIBRO
_d33724002247918
_eLIBRO
_h115150
_i113091
_si
999 _c101431
_d101431